| 000 | 00426pab a2200169 454500 | ||
|---|---|---|---|
| 008 | 180718b2011 xxu||||| |||| 00| 0 eng d | ||
| 100 | _aBarnes, Christopher M. | ||
| 245 | _aI will sleep when I am dead: Managing those too busy to sleep | ||
| 260 | _c2011 | ||
| 300 | _ap.18-26. | ||
| 362 | _aJan-Mar | ||
| 650 | _aOrganizations | ||
| 650 | _aSleep | ||
| 773 | _aOrganizational Dynamics | ||
| 908 | _aN | ||
| 909 | _a90998 | ||
| 999 |
_c90998 _d90998 |
||